Petit Bac: Les Pokémon de type Sol - Statistiques

Statistiques générales
  • Ce quiz a été pris 295 fois
  • Le résultat moyen est 16 sur 21
Statistiques - réponses
Lettre Pokémon % Correct
G Golemastoc / Gravalanch / Griknot / Gringolem /Grolem / Groudon
98%
R Racaillou / Rhinastoc / Rhinocorne / Rhinoféros / Rototaupe / Roue-de-Fer
94%
C Camérupt / Carchacrok / Carmache / Chamallot / Cheniselle / Cochignon / Crapustule / Crocorible
92%
T Taupiqueur / Terracool / Terracruel / Terraiste / Tiboudet / Torterra / Trépassable / Triopikeur / Tritosor / Tutafeh / Tutankafer / Tutétékri
91%
M Mammochon / Maraiste / Marcacrin / Mascaïman / Minotaupe
90%
S Sabelette / Sablaireau / Scorplane / Scorvol / Steelix
86%
L Laggron / Libégon / Limonde
85%
B Bacabouh / Balbuto / Barbicha / Barloche / Batracné / Bourrinos
84%
O Onix / Ossatueur / Osselait
80%
E Embrylex / Escroco / Excavarenne
78%
K Kaorine / Kraknoix
78%
Z Zygarde
74%
D Démétéros / Dinglu / Donphan / Dunaconda / Dunaja
72%
V Vibraninf
70%
A Axoloto
65%
Y Ymphect
63%
F Flobio / Fort-Ivoire
62%
U Ursaking
60%
P Pelage-Sablé / Phanpy
58%
H Hippodocus / Hippopotas
56%
N Nidoking / Nidoqueen / Ningale
52%
Aucun quiz correspondant
Distribution des résultats
% des personnes avec chaque résultat
Percentile par nombre de réponses
Votre historique - résultats
Vous n’avez pas pris ce quiz